Demise of a judge (Record no. 69148)

MARC details
000 -LEADER
fixed length control field 00805cam a2200229 4500
001 - CONTROL NUMBER
control field ABS64929
008 - FIXED-LENGTH DATA ELEMENTS--GENERAL INFORMATION
fixed length control field 011219n2001 000 0 eng u
035 ## - SYSTEM CONTROL NUMBER
System control number (Sirsi) u116079
100 ## - MAIN ENTRY--PERSONAL NAME
Personal name Blake, L.
245 ## - TITLE STATEMENT
Title Demise of a judge
260 ## - PUBLICATION, DISTRIBUTION, ETC.
Date of publication, distribution, etc. 2001
490 ## - SERIES STATEMENT
Series statement Estates Gazette
Volume/sequential designation (0148) 1 December 2001, 123-124(2)
520 ## - SUMMARY, ETC.
Summary, etc. A mainly for students article which examines the office of the Lord Chancellor. Includes some recent cases such as "Hyman v Director of Public Prosecutions" where unusually the Lord Chancellor had a casting vote. Also provides a list of recent Lord Chancellors. Case law.
590 ## - LOCAL NOTE (RLIN)
Local note ABS
650 ## - SUBJECT ADDED ENTRY--TOPICAL TERM
Topical term or geographic name entry element LORD CHANCELLOR
650 ## - SUBJECT ADDED ENTRY--TOPICAL TERM
Topical term or geographic name entry element LORD HAILSHAM
650 ## - SUBJECT ADDED ENTRY--TOPICAL TERM
Topical term or geographic name entry element BIOGRAPHY
650 ## - SUBJECT ADDED ENTRY--TOPICAL TERM
Topical term or geographic name entry element INTENTION
650 ## - SUBJECT ADDED ENTRY--TOPICAL TERM
Topical term or geographic name entry element HOUSE OF LORDS
690 ## - LOCAL SUBJECT ADDED ENTRY--TOPICAL TERM (OCLC, RLIN)
Topical term or geographic name as entry element LAW-UK
942 ## - ADDED ENTRY ELEMENTS (KOHA)
Suppress in OPAC 0
Holdings
Withdrawn status Lost status Source of classification or shelving scheme Damaged status Not for loan Home library Current library Shelving location Date acquired Total Checkouts Full call number Barcode Date last seen Copy number Price effective from Koha item type
    Dewey Decimal Classification     London London Journal article 19/12/2001   ABS64929 116079-1001 06/08/2019 1 06/08/2019 Journal article